| 000 | 00433nam a22001697a 4500 | ||
|---|---|---|---|
| 003 | MPLRDC | ||
| 005 | 20220104143209.0 | ||
| 008 | 210129b ||||| |||| 00| 0 eng d | ||
| 082 | _a910.952 CHA c.2 | ||
| 100 | _aGILBERT CHASE | ||
| 245 |
_a新世界的音乐 _c简而清译 |
||
| 250 | _a初版 | ||
| 260 |
_a _b今日世界社 _c1971 |
||
| 300 | _b平 | ||
| 650 | _a音乐史及各国音乐状况 | ||
| 942 |
_cBK _o910.952 CHA c.2 |
||
| 999 |
_c37561 _d37551 |
||